000 00716nam a22002177a 4500
003 UA-OsUOA
001 78454
007 ta
008 20111013b un ||||| |||| 00| 0 ukr d
100 _aМакашова Ю.
090 _a82
_bМ15
942 _cSA
040 _aUA-OsUOA
_bukr
_cUA-OsUOA
_dUA-OsUOA
245 _aФормування комунікативної літературної компетенції через використання технології розвитку критичного мислення учнів
300 _aС.57-66
955 _a0
041 _aukr
080 _a82
773 0 _w78452
650 7 _a82 Література. Літературознавство
_2UDC
999 _c364766
_d364766